Personajes de ficción por imagen - I - Estadísticas

Estadísticas generales
  • Esta prueba ha sido intentada 673 veces
  • La puntuación promedio es 7 de 16
Estadísticas de respuestas
Imagen Respuesta % Correcto
{Iron} {Man}
99%
Indiana Jones
96%
{Inspector} {Gadget}
75%
Igor
66%
Ícaro
50%
Ivysaur
47%
Isabela
39%
Iván Drago
39%
Invencible
36%
Itachi Uchiha
36%
Iñigo Montoya
31%
Imelda
29%
Itadori
29%
Iago
25%
Isaac
25%
Ian
8%
No se encontraron pruebas coincidentes
Distribución de puntuación
Porcentaje de gente con cada puntuación
Porcentaje por número respondido
Historial de tus puntuaciones
No has intentado esta prueba.